[Event "ITA-ch U12 feminile"]
[Site "Merano"]
[Date "2008.07.06"]
[Round "1"]
[White "Mendola, Elidania"]
[Black "Balzano, Filli"]
[Result "0-1"]
[WhiteElo "1440"]
[BlackElo "1605"]
[PlyCount "36"]
[EventDate "2008.07.??"]

1. e4 c6 2. Na3 d5 3. d3 dxe4 4. dxe4 Qxd1+ 5. Kxd1 Nf6 6. e5 Ng4 7. f4 Nf2+ 8.
Ke2 Nxh1 9. Kf3 Bf5 10. g4 Be6 11. f5 Bd5+ 12. Kf4 e6 13. b3 exf5 14. gxf5 c5
15. c4 Bc6 16. Be3 Nd7 17. Bg2 Bxg2 18. Kg4 Nxe5+ 0-1

[Event "ITA-ch U12 feminile"]
[Site "Merano"]
[Date "2008.07.07"]
[Round "2"]
[White "Balzano, Filli"]
[Black "Nicolini, Giorgia"]
[Result "1-0"]
[WhiteElo "1605"]
[BlackElo "1437"]
[PlyCount "127"]
[EventDate "2008.07.??"]

1. e4 e5 2. Nf3 Nc6 3. d4 d6 4. dxe5 Nxe5 5. Nxe5 dxe5 6. Qxd8+ Kxd8 7. Bc4 f6
8. Nc3 Bc5 9. O-O c6 10. Rd1+ Kc7 11. Rd3 Ne7 12. Be3 Bb6 13. Rad1 Ng6 14.
Bxb6+ axb6 15. Ne2 Ra4 16. Rc3 Rd8 17. Rxd8 Kxd8 18. f3 Nf8 19. Bb3 Rb4 20. a3
Rb5 21. Rd3+ Kc7 22. Nc3 Ra5 23. Kf2 Be6 24. Bxe6 Nxe6 25. Ne2 b5 26. Rc3 Ra8
27. Rd3 Nc5 28. Rd1 Nd7 29. Nc3 Rg8 30. g3 g6 31. Rg1 Kd8 32. Rd1 Ke7 33. Ke3
Ke6 34. Ne2 f5 35. exf5+ gxf5 36. f4 Rg6 37. fxe5 Nxe5 38. Nf4+ Kf6 39. Nxg6
Kxg6 40. Rd6+ Kg5 41. b3 h5 42. h4+ Kg4 43. Kf2 f4 44. gxf4 Kxf4 45. Rd4+ Kf5
46. Kg3 Ng6 47. Rd7 b6 48. Rb7 Ne5 49. Rxb6 Ke4 50. a4 bxa4 51. bxa4 c5 52. a5
Nc4 53. Rb5 Nxa5 54. Rxa5 c4 55. Rxh5 Kd4 56. Rh8 Kc3 57. Rc8 Kb4 58. h5 c3 59.
h6 Ka3 60. Rb8 Ka2 61. h7 Ka3 62. h8=Q Ka2 63. Qg7 Ka3 64. Qa7# 1-0

[Event "ITA-ch U12 feminile"]
[Site "Merano"]
[Date "2008.07.07"]
[Round "2"]
[White "Debbi, Jessica"]
[Black "De Somma, Annarita"]
[Result "0-1"]
[WhiteElo "1431"]
[BlackElo "1458"]
[PlyCount "60"]
[EventDate "2008.07.??"]

1. d4 d5 2. Nf3 Nc6 3. Nc3 Nf6 4. e3 a6 5. Bd3 g6 6. Bd2 Bg7 7. Qe2 O-O 8. e4
dxe4 9. Nxe4 Nxe4 10. Qxe4 Nxd4 11. Nxd4 Bxd4 12. c3 Bg7 13. Bg5 Re8 14. Qe3 b6
15. O-O Bb7 16. Rad1 Qd5 17. f3 Qxa2 18. Rd2 b5 19. Rfd1 Rad8 20. Bc4 Qxc4 21.
Rxd8 Qc6 22. Qxe7 Rf8 23. Qxf8+ Bxf8 24. Bh6 Qc5+ 25. R1d4 f6 26. Kf1 a5 27.
Re8 b4 28. Ke1 bxc3 29. Rb8 Ba6 30. Rdd8 Qg1# 0-1

[Event "ITA-ch U12 feminile"]
[Site "Merano"]
[Date "2008.07.08"]
[Round "3"]
[White "De Somma, Annarita"]
[Black "Ballarotto, Laura"]
[Result "1-0"]
[WhiteElo "1458"]
[BlackElo "1341"]
[PlyCount "71"]
[EventDate "2008.07.??"]

1. e4 e5 2. Nf3 Nc6 3. Nc3 Nf6 4. Be2 d5 5. exd5 Nxd5 6. Nxd5 Qxd5 7. d3 Bg4 8.
O-O Bc5 9. c4 Qe6 10. Ng5 Qg6 11. Bxg4 O-O 12. Ne4 Bd4 13. Rb1 Nb4 14. Be3 Nxa2
15. Bh5 Qb6 16. Bxd4 exd4 17. c5 Qa6 18. Ra1 g6 19. Bf3 b6 20. Nf6+ Kg7 21.
Bxa8 Rxa8 22. Nd5 Rc8 23. Qb3 Qa5 24. Rxa2 Qxc5 25. Nb4 Qd6 26. Rxa7 Qf6 27. h3
c5 28. Nd5 Qe6 29. Re7 Qd6 30. Nxb6 Rf8 31. Rfe1 Qb8 32. Qe6 Qf4 33. Nd5 Qd2
34. Qf6+ Kg8 35. Re8 Qh6 36. Ne7# 1-0

[Event "ITA-ch U12 feminile"]
[Site "Merano"]
[Date "2008.07.08"]
[Round "3"]
[White "Micucci, Mariluce"]
[Black "Balzano, Filli"]
[Result "0-1"]
[WhiteElo "1440"]
[BlackElo "1605"]
[PlyCount "70"]
[EventDate "2008.07.??"]

1. e4 c6 2. Bc4 d5 3. exd5 cxd5 4. Bb5+ Bd7 5. c4 Bxb5 6. cxb5 Nf6 7. Nf3 e6 8.
O-O Be7 9. d3 O-O 10. Bg5 h6 11. Bxf6 Bxf6 12. g4 Bxb2 13. Nbd2 Bxa1 14. Qxa1
Nd7 15. h4 Qf6 16. Qb1 Ne5 17. Kg2 Nxf3 18. Nxf3 Rac8 19. d4 Qf4 20. g5 Qg4+
21. Kh2 Qxf3 22. gxh6 Qf4+ 23. Kh1 Qe4+ 24. Qxe4 dxe4 25. hxg7 Kxg7 26. Rg1+
Kh7 27. a4 Rg8 28. Re1 f5 29. f3 exf3 30. Rxe6 f2 31. Kh2 f1=Q 32. Re7+ Rg7 33.
Rxg7+ Kxg7 34. a5 Rc3 35. b6 Rh3# 0-1

[Event "ITA-ch U12 feminile"]
[Site "Merano"]
[Date "2008.07.08"]
[Round "4"]
[White "Balzano, Filli"]
[Black "Movileanu, Daniela"]
[Result "1-0"]
[WhiteElo "1605"]
[BlackElo "1440"]
[PlyCount "99"]
[EventDate "2008.07.??"]

1. e4 e5 2. Nf3 Nc6 3. d4 exd4 4. Nxd4 Bc5 5. Be3 Nf6 6. Nxc6 bxc6 7. Bxc5 d6
8. Bd4 O-O 9. Nc3 Re8 10. Bd3 c5 11. Bxf6 Qxf6 12. O-O c6 13. Re1 Re5 14. Re3
Rg5 15. Rg3 Be6 16. Rxg5 Qxg5 17. Qc1 Qf6 18. h3 c4 19. Bf1 h6 20. Qd2 Rd8 21.
Rd1 Qe7 22. Qd4 d5 23. exd5 cxd5 24. Ne2 Rd7 25. Nf4 g6 26. Nxe6 Qxe6 27. Bxc4
Qe7 28. Bb3 Qd8 29. Qf4 h5 30. Qe5 d4 31. Re1 Qf8 32. Qe8 Qxe8 33. Rxe8+ Kg7
34. Re1 Rc7 35. Rd1 Rd7 36. c3 d3 37. Rd2 Kf6 38. Bc4 Ke5 39. Rxd3 Rb7 40. Bb3
Kf6 41. Rf3+ Kg7 42. Kf1 f5 43. Ke2 Kf6 44. h4 a5 45. Rd3 f4 46. f3 Rg7 47. Rd5
Ra7 48. Rd6+ Kg7 49. Bc2 Re7+ 50. Kf2 1-0

[Event "ITA-ch U12 feminile"]
[Site "Merano"]
[Date "2008.07.08"]
[Round "4"]
[White "Guerini, Silvia"]
[Black "De Somma, Annarita"]
[Result "0-1"]
[WhiteElo "1413"]
[BlackElo "1458"]
[PlyCount "40"]
[EventDate "2008.07.??"]

1. e4 e5 2. Nf3 Nc6 3. Bb5 Nd4 4. Nxd4 exd4 5. d3 a6 6. Bc4 g6 7. Nd2 Bg7 8. b4
Nf6 9. Bb2 d5 10. Bxd5 Nxd5 11. exd5 Qxd5 12. O-O O-O 13. Qf3 Qd6 14. Ba3 a5
15. Nc4 Qf6 16. Qxf6 Bxf6 17. bxa5 Re8 18. Rfe1 Bd7 19. Rab1 Bg7 20. Bc1 Rxe1#
0-1

[Event "ITA-ch U12 feminile"]
[Site "Merano"]
[Date "2008.07.09"]
[Round "5"]
[White "De Somma, Annarita"]
[Black "Ramundi, Claudia"]
[Result "1-0"]
[WhiteElo "1458"]
[BlackElo "1401"]
[PlyCount "115"]
[EventDate "2008.07.??"]

1. d4 d5 2. c4 Nf6 3. Nc3 Bf5 4. Nf3 e6 5. a3 Bd6 6. Bg5 Nbd7 7. cxd5 exd5 8.
Nxd5 h6 9. Nxf6+ Nxf6 10. Bd2 Qe7 11. g3 O-O 12. Bg2 Rad8 13. O-O Ng4 14. Nh4
Bd7 15. Bxb7 Nf6 16. Bg2 Ne4 17. Bb4 Ng5 18. Bxd6 Qxd6 19. Nf3 Nh3+ 20. Kh1 Bg4
21. Ne5 Rde8 22. Nxg4 Ng5 23. Re1 Re6 24. e4 Rfe8 25. e5 Qb6 26. h4 Nh7 27. d5
R6e7 28. e6 fxe6 29. Rxe6 Rxe6 30. dxe6 Qxe6 31. Bd5 Qxd5+ 32. Qxd5+ Kh8 33.
Ne5 Rf8 34. Nf7+ Kg8 35. Nxh6+ Kh8 36. Nf7+ Kg8 37. Ng5+ Kh8 38. Nxh7 Kxh7 39.
Kg2 Rf6 40. Re1 Rf8 41. Qh5+ Kg8 42. Re8 Rxe8 43. Qxe8+ Kh7 44. h5 c5 45. g4 c4
46. g5 c3 47. bxc3 a5 48. g6+ Kh6 49. Qe3+ Kxh5 50. c4 Kxg6 51. c5 Kf7 52. c6
g5 53. c7 g4 54. c8=Q Kg6 55. Qxg4+ Kf6 56. Qgf4+ Kg6 57. Qeg3+ Kh5 58. Qfh4#
1-0

[Event "ITA-ch U12 feminile"]
[Site "Merano"]
[Date "2008.07.09"]
[Round "5"]
[White "Tittarelli, Edith"]
[Black "Balzano, Filli"]
[Result "1-0"]
[WhiteElo "1497"]
[BlackElo "1605"]
[PlyCount "99"]
[EventDate "2008.07.??"]

1. d4 c6 2. Nf3 d5 3. Bf4 Nf6 4. e3 Bf5 5. c4 e6 6. Nc3 Nbd7 7. Qb3 Qb6 8. Qxb6
Nxb6 9. c5 Nbd7 10. Be2 Be7 11. O-O O-O 12. b4 h6 13. b5 Rfc8 14. Rac1 b6 15.
cxb6 Nxb6 16. bxc6 Ba3 17. Rcd1 Rxc6 18. Nb5 Be7 19. Rc1 Rxc1 20. Rxc1 Rc8 21.
Rc7 Rxc7 22. Bxc7 Nc8 23. Bb8 a6 24. Nc3 Bb4 25. Bxa6 Nb6 26. Nb5 Ne4 27. a3
Ba5 28. Bc7 Nc4 29. Bxa5 Nxa5 30. Kf1 Kf8 31. Ke2 Ke7 32. Nd2 Kd7 33. f3 Nxd2
34. Kxd2 Kc6 35. a4 Nc4+ 36. Ke2 Nb2 37. Nc3 Kb6 38. Bb5 Ka5 39. e4 dxe4 40.
fxe4 Bg4+ 41. Kd2 Kb4 42. h3 Bh5 43. g4 Bg6 44. d5 exd5 45. exd5 f5 46. d6 fxg4
47. d7 gxh3 48. d8=Q h2 49. Qd4+ Ka5 50. Qc5 1-0

[Event "ITA-ch U12 feminile"]
[Site "Merano"]
[Date "2008.07.10"]
[Round "6"]
[White "Balzano, Filli"]
[Black "Fiducioso, Martina"]
[Result "1-0"]
[WhiteElo "1605"]
[BlackElo "1446"]
[PlyCount "87"]
[EventDate "2008.07.??"]

1. e4 e5 2. Nf3 Nc6 3. d4 exd4 4. Nxd4 Qh4 5. Nc3 Bb4 6. Nxc6 Qxe4+ 7. Qe2
Bxc3+ 8. bxc3 Qxe2+ 9. Bxe2 dxc6 10. O-O Bf5 11. Bd3 Bxd3 12. cxd3 O-O-O 13.
Rd1 Nf6 14. Bb2 Rd7 15. d4 Rhd8 16. Re1 h6 17. Re2 c5 18. h3 cxd4 19. cxd4 Re8
20. Rxe8+ Nxe8 21. Re1 Nf6 22. Kf1 Nd5 23. Rd1 Nf6 24. Ba3 Ne4 25. Bf8 f6 26.
Re1 Ng5 27. Re8+ Rd8 28. Rxd8+ Kxd8 29. Bxg7 Ke7 30. Bxh6 Ke6 31. Bxg5 fxg5 32.
Ke2 Kd5 33. Kd3 a5 34. g3 b5 35. h4 gxh4 36. gxh4 Ke6 37. Ke4 Kf6 38. f4 b4 39.
Kd3 Kf5 40. h5 Kf6 41. Kc4 Kg7 42. f5 Kh6 43. f6 Kxh5 44. f7 1-0

[Event "ITA-ch U12 feminile"]
[Site "Merano"]
[Date "2008.07.10"]
[Round "6"]
[White "Caldi, Irene"]
[Black "De Somma, Annarita"]
[Result "0-1"]
[WhiteElo "1410"]
[BlackElo "1446"]
[PlyCount "104"]
[EventDate "2008.07.??"]

1. e4 g6 2. Nc3 Bg7 3. d4 d6 4. Nf3 Nf6 5. Bg5 O-O 6. Bc4 h6 7. Bxf6 Bxf6 8.
Qd2 Bg7 9. O-O-O c5 10. dxc5 Qa5 11. Nd5 Qxc5 12. Qe2 Re8 13. Bb3 Be6 14. Rhf1
a5 15. Qe3 Qxe3+ 16. fxe3 Bxd5 17. Bxd5 Nc6 18. Nd4 Rec8 19. Bxf7+ Kh7 20. Bd5
Rcb8 21. Bxc6 bxc6 22. Rf7 c5 23. Ne6 Rg8 24. Rxe7 Rae8 25. Rxe8 Rxe8 26. Rxd6
Be5 27. Rc6 Bxh2 28. Nxc5 Bg1 29. Kd2 Rf8 30. Nd3 h5 31. Rb6 Kh6 32. e5 h4 33.
Nf4 Rxf4 34. exf4 Bxb6 35. e6 Kg7 36. Kd3 Kf6 37. Ke4 Kxe6 38. Kf3 Kf5 39. c3
Bc7 40. b4 axb4 41. cxb4 Bxf4 42. b5 g5 43. a4 g4+ 44. Kf2 Bg3+ 45. Kg1 Bc7 46.
Kf2 Kf4 47. Kg1 g3 48. Kh1 Kg4 49. Kg1 h3 50. gxh3+ Kxh3 51. Kh1 Bb6 52. a5 g2#
0-1

[Event "ITA-ch U12 feminile"]
[Site "Merano"]
[Date "2008.07.10"]
[Round "6"]
[White "Principi, Carlotta"]
[Black "Tittarelli, Edith"]
[Result "0-1"]
[WhiteElo "1431"]
[BlackElo "1497"]
[PlyCount "90"]
[EventDate "2008.07.??"]

1. d4 d5 2. e3 Nf6 3. Nf3 Bf5 4. Nc3 e6 5. Bb5+ Nbd7 6. Bd2 a6 7. Bxd7+ Qxd7 8.
Ne5 Qd8 9. O-O c5 10. Re1 Bd6 11. f4 cxd4 12. exd4 Qb6 13. Bc1 O-O 14. b3 Bb4
15. Bb2 Rfc8 16. Re3 Bxc3 17. Bxc3 Rc7 18. Rc1 Rac8 19. Be1 Bxc2 20. Qf3 Qxd4
21. Bf2 Rc3 22. h3 Qd2 23. Rce1 Be4 24. Rd1 Qb2 25. Re2 Bxf3 26. Rxb2 Bxd1 27.
Be1 Rc2 28. Rxc2 Rxc2 29. a3 Ra2 30. a4 Bxb3 31. a5 Ra1 32. Kf2 Ne4+ 33. Ke2 f6
34. Nd3 Bc4 35. Bb4 Ra4 36. Be1 Ra3 37. Kf1 Bxd3+ 38. Kg1 Ra1 39. Kh2 Rxe1 40.
h4 Re2 41. h5 Ra2 42. Kh3 Bf1 43. Kh4 Rxg2 44. h6 Rh2+ 45. Kg4 Be2# 0-1

[Event "ITA-ch U12 feminile"]
[Site "Merano"]
[Date "2008.07.10"]
[Round "7"]
[White "De Somma, Annarita"]
[Black "Balzano, Filli"]
[Result "0-1"]
[WhiteElo "1458"]
[BlackElo "1605"]
[PlyCount "70"]
[EventDate "2008.07.??"]

1. d4 c6 2. e4 d5 3. exd5 cxd5 4. c4 Nf6 5. Nf3 Nc6 6. Nc3 e6 7. Be2 Be7 8. O-O
O-O 9. Ne5 Bd6 10. Bg5 Nxe5 11. dxe5 Bxe5 12. Bxf6 Bxf6 13. cxd5 Bxc3 14. bxc3
Qxd5 15. Qxd5 exd5 16. Rad1 Be6 17. Rfe1 Rac8 18. Rd3 h6 19. Bf3 Rc5 20. Red1
Rfc8 21. Bxd5 Bxd5 22. Rxd5 Rxd5 23. Rxd5 Rxc3 24. h3 Rc1+ 25. Kh2 Rc2 26. f4
Rxa2 27. h4 Rf2 28. f5 a6 29. Kh3 b5 30. g4 Kf8 31. g5 hxg5 32. hxg5 Ke8 33.
Re5+ Kd8 34. g6 fxg6 35. fxg6 Rf6 0-1

[Event "ITA-ch U12 feminile"]
[Site "Merano"]
[Date "2008.07.10"]
[Round "7"]
[White "Tittarelli, Edith"]
[Black "Ravazzolo, Gaia"]
[Result "0-1"]
[WhiteElo "1497"]
[BlackElo "1461"]
[PlyCount "100"]
[EventDate "2008.07.??"]

1. d4 d5 2. Nf3 c6 3. Bf4 Nf6 4. e3 Bf5 5. c4 e6 6. Nc3 Bb4 7. a3 Be7 8. c5
Nbd7 9. Be2 O-O 10. O-O h6 11. Ne5 Nxe5 12. Bxe5 Rc8 13. Rc1 Nd7 14. Bg3 b6 15.
Ba6 bxc5 16. Bxc8 Qxc8 17. dxc5 Nxc5 18. Qd2 Nb3 19. Qd1 Nxc1 20. Qxc1 Qb7 21.
Qd2 Rd8 22. Rc1 Rc8 23. Ne2 c5 24. Qc3 c4 25. Be5 f6 26. Bg3 e5 27. Qd2 Be6 28.
Nc3 Rd8 29. Ne2 Qb6 30. Rd1 Bc5 31. Qc2 d4 32. exd4 exd4 33. Nf4 d3 34. Qc3 Bf7
35. Rd2 Re8 36. h3 Qb5 37. Kh2 Bb6 38. Qc1 Ba5 39. Rd1 d2 40. Qc2 Re1 41. b4
cxb3 42. Qb1 Rxd1 43. Qxd1 b2 44. Qc2 b1=Q 45. Qc8+ Qe8 46. Qg4 d1=Q 47. Qxd1
Qxd1 48. f3 Qc6 49. Bf2 Qcc1 50. Kg3 Bc7 0-1

[Event "ITA-ch U12 feminile"]
[Site "Merano"]
[Date "2008.07.11"]
[Round "8"]
[White "Licciardello, Erika"]
[Black "De Somma, Annarita"]
[Result "0-1"]
[WhiteElo "1383"]
[BlackElo "1458"]
[PlyCount "78"]
[EventDate "2008.07.??"]

1. e4 g6 2. d4 Bg7 3. Nf3 d6 4. Nc3 Nd7 5. Bc4 c5 6. O-O Ngf6 7. Bg5 O-O 8. Qd2
cxd4 9. Nxd4 Nc5 10. Qe3 Re8 11. b4 Ncd7 12. Bh6 e6 13. Bb5 Ng4 14. Qd3 Nxh6
15. Rad1 a6 16. Ba4 b5 17. Bb3 Nb6 18. Nf3 Bxc3 19. Qxc3 d5 20. exd5 exd5 21.
Rd2 Na4 22. Bxa4 bxa4 23. Rfd1 Bb7 24. Qa3 Rc8 25. Qd3 a5 26. bxa5 Qxa5 27. Nh4
Nf5 28. Nxf5 gxf5 29. Qxf5 Qxd2 30. Qg4+ Kh8 31. h3 Re1+ 32. Rxe1 Qxe1+ 33. Kh2
Rc4 34. Qd7 Qxf2 35. Qg4 Rxg4 36. hxg4 d4 37. Kh3 Qxg2+ 38. Kh4 f6 39. Kh5 Qh3#
0-1

[Event "ITA-ch U12 feminile"]
[Site "Merano"]
[Date "2008.07.11"]
[Round "8"]
[White "Ravazzolo, Gaia"]
[Black "Balzano, Filli"]
[Result "1/2-1/2"]
[WhiteElo "1461"]
[BlackElo "1605"]
[PlyCount "130"]
[EventDate "2008.07.??"]

1. d4 c6 2. c4 d5 3. Nf3 Nf6 4. Nc3 Bf5 5. e3 e6 6. Be2 Nbd7 7. O-O Be7 8. Nh4
Be4 9. Nxe4 Nxe4 10. Nf3 O-O 11. Qc2 h6 12. Bd3 Nef6 13. b3 Rc8 14. Bb2 Re8 15.
Qe2 Bd6 16. Rac1 e5 17. dxe5 Nxe5 18. Bf5 Ra8 19. cxd5 Nxd5 20. Rfd1 Nxf3+ 21.
Qxf3 Be5 22. Bxe5 Rxe5 23. e4 Qf6 24. exd5 Rxf5 25. Qe2 Rxd5 26. Re1 Kf8 27.
Rc4 Rad8 28. Rc2 R5d7 29. h3 Qe7 30. Qxe7+ Rxe7 31. Rxe7 Kxe7 32. Re2+ Kf8 33.
f3 Re8 34. Rd2 Ke7 35. Re2+ Kd7 36. Rd2+ Kc7 37. Kf2 Re5 38. Rc2 b6 39. Rd2 Rd5
40. Re2 Kd7 41. Rc2 c5 42. Ke3 Re5+ 43. Kf2 Ke6 44. Rd2 Rd5 45. Re2+ Kf6 46.
Rc2 g5 47. Kg3 h5 48. Kf2 Kg6 49. Re2 f6 50. Rc2 b5 51. Ke2 a5 52. Ke3 Re5+ 53.
Kd2 f5 54. Kd3 Rd5+ 55. Ke3 a4 56. bxa4 bxa4 57. Rc4 a3 58. Rc3 f4+ 59. Ke2
Re5+ 60. Kd2 Rd5+ 61. Rd3 Rxd3+ 62. Kxd3 Kf5 63. Kc4 g4 64. hxg4+ hxg4 65. Kxc5
gxf3 1/2-1/2

[Event "ITA-ch U12 feminile"]
[Site "Merano"]
[Date "2008.07.12"]
[Round "9"]
[White "Balzano, Filli"]
[Black "Pelyushenko, Olga"]
[Result "1/2-1/2"]
[WhiteElo "1605"]
[BlackElo "1425"]
[PlyCount "102"]
[EventDate "2008.07.??"]

1. e4 d6 2. Nf3 Nf6 3. Nc3 g6 4. d4 Bg7 5. Be2 O-O 6. O-O c6 7. a4 Nbd7 8. h3
a6 9. Be3 Rb8 10. a5 c5 11. dxc5 Nxc5 12. Bxc5 dxc5 13. Qxd8 Rxd8 14. Rad1 Bd7
15. Rd2 Bc6 16. Rxd8+ Rxd8 17. Bd3 Nd7 18. Nd1 Ne5 19. Nxe5 Bxe5 20. Nc3 Bg7
21. Rd1 c4 22. Bxc4 Rxd1+ 23. Nxd1 Bxe4 24. c3 e6 25. Ne3 Bh6 26. Kf1 Kf8 27.
g3 Ke7 28. Ke2 Kd6 29. f3 Bd5 30. Nxd5 exd5 31. Ba2 f5 32. Kd3 Bg7 33. f4 h6
34. h4 Bf6 35. b4 Kc6 36. Bb3 Kd6 37. Ba2 Kc6 38. c4 dxc4+ 39. Bxc4 b5 40. Bf7
g5 41. hxg5 hxg5 42. Bg6 gxf4 43. gxf4 Bb2 44. Bxf5 Ba3 45. Kc3 Bc1 46. Be4+
Kc7 47. f5 Bg5 48. Kd4 Bf6+ 49. Kc5 Bh4 50. Kd5 Be7 51. f6 Bxf6 1/2-1/2

[Event "ITA-ch U12 feminile"]
[Site "Merano"]
[Date "2008.07.12"]
[Round "9"]
[White "Tittarelli, Edith"]
[Black "De Somma, Annarita"]
[Result "0-1"]
[WhiteElo "1497"]
[BlackElo "1458"]
[PlyCount "72"]
[EventDate "2008.07.??"]

1. d4 g6 2. Nf3 Bg7 3. Bg5 Nf6 4. e3 O-O 5. Nbd2 d6 6. c3 Nbd7 7. Bd3 c6 8. O-O
Qc7 9. Ne4 e5 10. Nxf6+ Nxf6 11. Nd2 Re8 12. Bc2 d5 13. Re1 e4 14. f3 c5 15.
Bxf6 Bxf6 16. fxe4 dxe4 17. Nxe4 Be7 18. dxc5 Bxc5 19. Nf6+ Kf8 20. Nxe8 Kxe8
21. Ba4+ Kf8 22. Qf3 Be6 23. Qf6 Rc8 24. Qh8+ Ke7 25. Qxh7 Qe5 26. Qh4+ g5 27.
Qg3 Qg7 28. Bb3 Bd6 29. Qf3 Qe5 30. g3 g4 31. Qf2 Bd7 32. Qxf7+ Kd8 33. Qf4 Qe7
34. Qf2 Bc6 35. Bd1 Qe4 36. Bc2 Qh1# 0-1

[Event "ITA-ch U10 feminile"]
[Site "Merano"]
[Date "2008.07.06"]
[Round "1"]
[White "Santeramo, Alessia C."]
[Black "Croce, Federica"]
[Result "1-0"]
[WhiteElo "1410"]
[BlackElo "1413"]
[PlyCount "47"]
[EventDate "2008.07.??"]

1. e4 e5 2. Nf3 Nc6 3. Bc4 h6 4. d3 Nf6 5. Nc3 Bc5 6. Be3 Bxe3 7. fxe3 d6 8. h3
O-O 9. d4 exd4 10. exd4 d5 11. Nxd5 Qd6 12. e5 Re8 13. O-O Qe6 14. exf6 gxf6
15. Nh4 Rb8 16. Nxf6+ Kf8 17. Bxe6 Bxe6 18. Nxe8 Rxe8 19. Ng6+ Kg7 20. d5 Bxd5
21. Qxd5 Kxg6 22. Qxf7+ Kg5 23. Qg7+ Kh4 24. Qg4# 1-0

[Event "ITA-ch U10 feminile"]
[Site "Merano"]
[Date "2008.07.07"]
[Round "2"]
[White "Paolillo, Gaia"]
[Black "Santeramo, Alessia C."]
[Result "1/2-1/2"]
[WhiteElo "1449"]
[BlackElo "1410"]
[PlyCount "100"]
[EventDate "2008.07.??"]

1. e4 e5 2. Nf3 Nc6 3. Bc4 Bc5 4. d3 h6 5. Be3 Bb6 6. Nc3 d6 7. h3 Be6 8. Bb3
Nf6 9. d4 exd4 10. Nxd4 Qd7 11. Nxc6 Bxb3 12. axb3 Qxc6 13. Qd3 O-O 14. O-O
Rae8 15. Bxb6 axb6 16. Rfe1 Re7 17. Nd5 Re6 18. Nc3 Rfe8 19. f3 d5 20. Ra4 Nd7
21. Qb5 Qc5+ 22. Qxc5 Nxc5 23. Rd4 f5 24. Rxd5 fxe4 25. fxe4 Nxe4 26. Nxe4 Rxe4
27. Rxe4 Rxe4 28. Rd1 Re2 29. Rc1 Kf7 30. Kf1 Rd2 31. Kg1 Kg6 32. Kh2 Kh5 33.
Kg3 g5 34. Kf3 Kh4 35. b4 b5 36. b3 b6 37. c3 Rb2 38. c4 Rxb3+ 39. Kf2 c6 40.
cxb5 Rxb4 41. bxc6 Rf4+ 42. Ke3 Rf8 43. c7 Rc8 44. Kf2 g4 45. Rc6 gxh3 46. gxh3
Kxh3 47. Rxh6+ Kg4 48. Rc6 Kf5 49. Ke3 Ke5 50. Rxb6 Rxc7 1/2-1/2

[Event "ITA-ch U10 feminile"]
[Site "Merano"]
[Date "2008.07.08"]
[Round "3"]
[White "Santeramo, Alessia C."]
[Black "De Grandi, Noemi"]
[Result "1-0"]
[WhiteElo "1410"]
[BlackElo "1437"]
[PlyCount "69"]
[EventDate "2008.07.??"]

1. e4 c5 2. Nf3 Nc6 3. d4 cxd4 4. Nxd4 g6 5. Be3 Bg7 6. Nc3 Nf6 7. f3 O-O 8.
Qd2 a6 9. g4 d6 10. O-O-O Qc7 11. h4 b5 12. g5 Nh5 13. Nd5 Qb7 14. Nxc6 Re8 15.
Na5 Qb8 16. f4 Ng3 17. Rg1 Nxe4 18. Qe2 Bf5 19. Bg2 b4 20. Bf2 Nxf2 21. Qxf2
Qb5 22. Nb3 Rac8 23. Rd2 a5 24. Qb6 Qa4 25. Qxa5 Qxa5 26. Nxa5 Rc5 27. Nb3 Rcc8
28. Nxb4 Be6 29. Nd4 Bxd4 30. Rxd4 Bf5 31. a4 e5 32. Rxd6 exf4 33. c3 Re2 34.
a5 Ra8 35. Bxa8 1-0

[Event "ITA-ch U10 feminile"]
[Site "Merano"]
[Date "2008.07.08"]
[Round "4"]
[White "Petrosino, Elena"]
[Black "Santeramo, Alessia C."]
[Result "0-1"]
[WhiteElo "1470"]
[BlackElo "1410"]
[PlyCount "70"]
[EventDate "2008.07.??"]

1. e4 e5 2. Nf3 Nc6 3. Bb5 a6 4. Bxc6 dxc6 5. O-O Bd6 6. d4 Bg4 7. Be3 Qe7 8.
Nc3 O-O-O 9. Re1 Bc5 10. h3 Bxf3 11. Qxf3 exd4 12. Qg4+ Kb8 13. Qxg7 Qf6 14.
Qxf6 Nxf6 15. Bxd4 Bxd4 16. e5 Nd5 17. Nxd5 cxd5 18. Rab1 Rhf8 19. b3 Rde8 20.
Rbd1 Bxe5 21. g3 c6 22. Rd2 Bc3 23. Rxe8+ Rxe8 24. Rd1 Re2 25. Rd3 Rxc2 26. Rf3
f6 27. a4 Be5 28. Rf5 d4 29. Kf1 d3 30. Ke1 Bc3+ 31. Kf1 d2 32. Ke2 Rc1 33.
Rxf6 d1=Q+ 34. Ke3 Qd4+ 35. Ke2 Qe4# 0-1

[Event "ITA-ch U10 feminile"]
[Site "Merano"]
[Date "2008.07.09"]
[Round "5"]
[White "Fermani, Vanessa"]
[Black "Paolillo, Gaia"]
[Result "0-1"]
[WhiteElo "1494"]
[BlackElo "1449"]
[PlyCount "84"]
[EventDate "2008.07.??"]

1. e4 e5 2. Nf3 Nc6 3. Bc4 Bc5 4. Nc3 Nf6 5. d3 h6 6. Nd5 Nxd5 7. Bxd5 d6 8.
Bd2 Bg4 9. h3 Be6 10. Bxe6 fxe6 11. Be3 Bxe3 12. fxe3 Qd7 13. d4 exd4 14. exd4
d5 15. Qe2 O-O-O 16. O-O dxe4 17. Qxe4 Nxd4 18. Rad1 Nxf3+ 19. gxf3 Qe7 20.
Rxd8+ Rxd8 21. Qg4 Rd5 22. Qc4 Rd2 23. Re1 Qg5+ 24. Qg4 Qxg4+ 25. fxg4 Rxc2 26.
Rb1 Kd7 27. Rd1+ Ke7 28. Rb1 g6 29. a3 h5 30. gxh5 gxh5 31. b4 Rc3 32. Kg2 Rxa3
33. Rc1 c6 34. b5 Kd7 35. bxc6+ bxc6 36. Rd1+ Ke7 37. Rf1 a5 38. Rf4 Rb3 39.
Rh4 Rb5 40. Re4 Kd6 41. Rd4+ Rd5 42. Rxd5+ exd5 0-1

[Event "ITA-ch U10 feminile"]
[Site "Merano"]
[Date "2008.07.10"]
[Round "5"]
[White "Santeramo, Alessia C."]
[Black "Stalder, Alexandra"]
[Result "1-0"]
[WhiteElo "1410"]
[BlackElo "1440"]
[PlyCount "25"]
[EventDate "2008.07.??"]

1. e4 e5 2. Nf3 Nc6 3. Bc4 Bc5 4. d3 d6 5. Bg5 Nf6 6. Nc3 O-O 7. Nd5 h6 8.
Nxf6+ gxf6 9. Bxh6 Re8 10. Nh4 Be6 11. Bxe6 Rxe6 12. Qg4+ Kh7 13. Qg7# 1-0

[Event "ITA-ch U10 feminile"]
[Site "Merano"]
[Date "2008.07.10"]
[Round "6"]
[White "De Leo, Sara"]
[Black "Santeramo, Alessia C."]
[Result "0-1"]
[WhiteElo "1440"]
[BlackElo "1410"]
[PlyCount "52"]
[EventDate "2008.07.??"]

1. e4 e5 2. Nf3 Nc6 3. Bb5 a6 4. Ba4 Nf6 5. d4 b5 6. Bb3 exd4 7. e5 Ne4 8. Qe2
Nc5 9. Bd5 Ne6 10. O-O Be7 11. Nbd2 O-O 12. Qe4 Bb7 13. Nb3 Nc5 14. Nxc5 Bxc5
15. Ng5 g6 16. Qf4 Be7 17. Bxf7+ Kg7 18. e6 Bxg5 19. Qxg5 Qxg5 20. Bxg5 dxe6
21. Bxe6 Rae8 22. Bd7 Re2 23. Bxc6 Bxc6 24. Rfd1 Rfxf2 25. g3 Rg2+ 26. Kh1
Rxg3# 0-1

[Event "ITA-ch U10 feminile"]
[Site "Merano"]
[Date "2008.07.10"]
[Round "7"]
[White "Gueci, Tea"]
[Black "Santeramo, Alessia C."]
[Result "0-1"]
[WhiteElo "1464"]
[BlackElo "1410"]
[PlyCount "68"]
[EventDate "2008.07.??"]

1. e4 e5 2. Nf3 Nc6 3. Bc4 Bc5 4. Nc3 d6 5. O-O Bg4 6. d3 Nd4 7. Bd2 Nxf3+ 8.
gxf3 Bh3 9. Re1 Bd4 10. f4 exf4 11. Qh5 Qd7 12. Bxf7+ Qxf7 13. Qxh3 Qg6+ 14.
Qg2 Qxg2+ 15. Kxg2 g5 16. Nb5 Bb6 17. Bc3 Nf6 18. Bxf6 Rf8 19. Bc3 O-O-O 20. e5
f3+ 21. Kf1 Rf4 22. Re4 Rh4 23. Rxh4 gxh4 24. exd6 cxd6 25. Bf6 Rf8 26. Bxh4
Ba5 27. Nxd6+ Kc7 28. Nb5+ Kb6 29. a4 Rg8 30. Bg3 h5 31. h4 Ka6 32. Ra3 Rg7 33.
Rb3 Re7 34. Nd4 Re1# 0-1

[Event "ITA-ch U10 feminile"]
[Site "Merano"]
[Date "2008.07.11"]
[Round "8"]
[White "Santeramo, Alessia C."]
[Black "Pelyushenko, Ivanna"]
[Result "1-0"]
[WhiteElo "1410"]
[BlackElo "1314"]
[PlyCount "69"]
[EventDate "2008.07.??"]

1. e4 e5 2. Nf3 Nc6 3. Bc4 Bc5 4. d3 Nf6 5. Bg5 O-O 6. Nc3 h6 7. Bh4 Bb4 8. a3
Bxc3+ 9. bxc3 d6 10. h3 Be6 11. Bb3 Qe7 12. O-O Na5 13. Re1 Nxb3 14. cxb3 c6
15. d4 Rad8 16. Qc2 g5 17. Bg3 Qd7 18. Qd2 Bxh3 19. gxh3 Qxh3 20. Nxg5 hxg5 21.
Qxg5+ Kh7 22. Qh4+ Qxh4 23. Bxh4 Rg8+ 24. Kh1 Ng4 25. Bxd8 Nxf2+ 26. Kh2 Ng4+
27. Kg3 Nh6+ 28. Kf3 Rxd8 29. Rh1 Rf8 30. Rh4 f5 31. Rah1 fxe4+ 32. Kxe4 d5+
33. Kxe5 Re8+ 34. Kd6 Rd8+ 35. Ke7 1-0